01168nam a2200349 i 450000500170000000700030001700800410002002000180006102000150007904000350009404100080012908400120013710000380014924500490018725000220023626400470025830000250030533600270033033700330035733800280039052100530041854500620047165000440053365000480057765000380062565000270066365000430069065000310073365000240076494200150078899900150080320220317002029.0ta201110s2019 ck jr 000 fdspa d a9789584277596 a9584277596 aCO-BoRNBPbspaerdacCO-BoRNBP0 aspa aN PER301 aPérez-Gay, Rafaeld1957-eautor13aEl cerebro de mi hermanocRafael Pérez-Gay aPrimera edición 1aBogotábPlaneta colombianabBordesc2019 a135 páginasc20 cm 2rdacontentatextobtxt 2rdamediaasin mediaciónbn 2rdacarrieravolumenbnc aRecomendado para un público mayor de 15 años aIncluye datos biográficos del autor al inicio del texto172LEMBaNovela juvenil mexicanaySiglo XX172LEMBaLiteratura juvenil mexicanaySiglo XX172LEMBaAutores mexicanosySiglo XX172LEMBaHermanosvNovela172LEMBaTrastornos de la memoriavNovela172LEMBaInválidos vNovela172LEMBaDuelovNovela 2loccBKLIT c8951d8951